000 00339nam a2200121Ia 4500
008 210430s9999 xx 000 0 und d
082 _a683.406 D245 A
100 _aRr.N Davies
245 _aAmmunition Technology: warheads, V-2 /
_cRr.N Davies
260 _aPhoto copy
_bCranfield University
_c2001
300 _a15-21p
942 _cBK
_2ddc
999 _c562071
_d562071